A conservation assessment of the terrestrial ecoregions of Latin America and the Caribbean / (Registro nro. 319)
[ vista simple ]
| 000 -CABECERA | |
|---|---|
| Campo de control | 00952cam a2200241 a 4500 |
| 005 - FECHA Y HORA DE LA ULTIMA TRANSACCION | |
| Campo de control | 20160204184650.0 |
| 008 - ELEMENTOS DE LONGITUD FIJA—INFORMACION GENERAL | |
| Campo de control | 070927s1995 wauabd r 000 0 eng d |
| 020 ## - ISBN | |
| ISBN | 0821332953 |
| 040 ## - FUENTE DE CATALOGACIÓN | |
| Agencia catalogadora original | CO-BoPUJ |
| Agencia transcriptora | CO-BoIAVH |
| Agencia Modificadora | CO-BoIAVH |
| 041 0# - IDIOMA | |
| Código de idioma para texto/pista de sonido o título separado | Inglés |
| 044 ## - PAÍS DE PUBLICACIÓN | |
| País de publicación | Estados Unidos |
| 082 04 - NUMERO DE CLASIFICACION DECIMAL DEWEY | |
| Número de clasificación | 333.9516 |
| Número del ítem | C65a |
| 245 02 - MENCION DE TITULO | |
| Título | A conservation assessment of the terrestrial ecoregions of Latin America and the Caribbean / |
| Mención de responsabilidad | Eric Dinerstein...[et al.] |
| 250 ## - MENCION DE EDICION | |
| Mención de edición | Primera edición. |
| 260 ## - PUBLICACION, DISTRIBUCION, ETC. (PIE DE IMPRENTA) | |
| Lugar de publicación, distribución, etc. | Washington : |
| Nombre del editor, distribuidor, etc. | World Bank, |
| Fecha de publicación, distribución, etc. | 1995. |
| 300 ## - DESCRIPCION FISICA | |
| Extensión | xvii, 140 paginas. |
| Otros detalles físicos | Ilustraciones, diagramas, mapas a color y tablas |
| Dimensiones | 28 x 22 cm. |
| 504 ## - NOTA DE BIBLIOGRAFIA, ETC. | |
| Nota de bibliografía | Incluye referencias bibliográficas (p. 127-129) y glosario. |
| 650 14 - ASIENTO SECUNDARIO DE MATERIA - TERMINO TEMATICO | |
| Término temático o nombre geográfico como elemento de entrada | Conservación de la diversidad biolóogica |
| Subdivisión geográfica | America Latina |
| 9 (RLIN) | 56948 |
| 650 24 - ASIENTO SECUNDARIO DE MATERIA - TERMINO TEMATICO | |
| Término temático o nombre geográfico como elemento de entrada | Conservacion de la diversidad biologica |
| Subdivisión geográfica | Region Caribe |
| 9 (RLIN) | 56949 |
| 650 24 - ASIENTO SECUNDARIO DE MATERIA - TERMINO TEMATICO | |
| Término temático o nombre geográfico como elemento de entrada | Comunidades bioticas |
| 9 (RLIN) | 56950 |
| 700 1# - ASIENTO SECUNDARIO - NOMBRE PERSONAL | |
| Nombre personal | Dinerstein, Eric |
| Fechas asociadas con el nombre | 1952- |
| 9 (RLIN) | 56951 |
| 942 ## - ELEMENTOS ADICIONALES (KOHA) | |
| Sistema de clasificación | Dewey Decimal Classification |
| Tipo de ítem | Libro |
| Withdrawn status | Lost status | Sistema de Clasificación | Damaged status | No para préstamo | Colección | Inventariado | Ubicación Permanente | Ubicación actual | Fecha de adquisición | Fuente de Valor | Valor | Total Checkouts | Número topográfico | Inventario / Código de Barras | Date last seen | Ejemplar | Price effective from | Forma de adquisición | Tipo de material |
|---|---|---|---|---|---|---|---|---|---|---|---|---|---|---|---|---|---|---|---|
| Dewey Decimal Classification | General | Inventariado 2017 | Bogotá | Bogotá | 29/12/1997 | Instituto | 39000.00 | LB-333.9516 C65a | 005027 | 04/12/2012 | Ej. 1 | 04/12/2012 | Libro | ||||||
| Dewey Decimal Classification | General | Inventariado 2017 | Sala Fabio Quevedo | Sala Fabio Quevedo | 29/12/1997 | Instituto | 39000.00 | LB-333.9516 C65a | 000446 | 04/12/2012 | Ej. 2 | 04/12/2012 | Libro |